书目信息 |
| 题名: |
作物节水抗旱栽培实用技术
|
|
| 作者: | 杨宁 , 李开宇 , 翼宏杰 , 王志丹 主编 | |
| 分册: | ||
| 出版信息: | 沈阳 辽宁科学技术出版社 2019.02 |
|
| 页数: | 202页 | |
| 开本: | 24cm | |
| 丛书名: | ||
| 单 册: | ||
| 中图分类: | S318 | |
| 科图分类: | ||
| 主题词: | 作物--zuo wu--节水栽培 | |
| 电子资源: | ||
| ISBN: | 978-7-5591-0674-2 | |
| 000 | 01035nam0 2200289 450 | |
| 001 | CAL 009705463 | |
| 005 | 20230217093112.0 | |
| 010 | @a978-7-5591-0674-2@dCNY38.00 | |
| 100 | @a20210723d2019 em y0chiy0120 ea | |
| 101 | 0 | @achi |
| 102 | @aCN@b210000 | |
| 105 | @ay a 000yy | |
| 106 | @ar | |
| 200 | 1 | @a作物节水抗旱栽培实用技术@Azuo wu jie shui kang han zai pei shi yong ji shu@f杨宁 ... [等] 主编 |
| 210 | @a沈阳@c辽宁科学技术出版社@d2019.02 | |
| 215 | @a202页@d24cm | |
| 304 | @a题名页题其余责任者: 李开宇, 翼宏杰, 王志丹 | |
| 320 | @a有书目 (第199-202页) | |
| 330 | @a本书重点从作物需水规律、节水种植、高产栽培等技术角度, 全面介绍了辽宁省玉米、花生、高粱、谷子、小豆、绿豆、马铃薯、甘薯、苜蓿及大田蔬菜的节水抗旱栽培实用技术。 | |
| 606 | 0 | @a作物@Azuo wu@x节水栽培 |
| 690 | @aS318@v5 | |
| 701 | 0 | @a杨宁@Ayang ning@4主编 |
| 701 | 0 | @a李开宇@Ali kai yu@4主编 |
| 701 | 0 | @a翼宏杰@Ayi hong jie@4主编 |
| 701 | 0 | @a王志丹@Awang zhi dan@4主编 |
| 801 | 0 | @aCN@bBJXHZP@c20230222 |
| 905 | @b1379321-4@dS318@e91@f4 | |
| 作物节水抗旱栽培实用技术/杨宁 ... [等] 主编.-沈阳:辽宁科学技术出版社,2019.02 |
| 202页;24cm |
| ISBN 978-7-5591-0674-2:CNY38.00 |
| 本书重点从作物需水规律、节水种植、高产栽培等技术角度, 全面介绍了辽宁省玉米、花生、高粱、谷子、小豆、绿豆、马铃薯、甘薯、苜蓿及大田蔬菜的节水抗旱栽培实用技术。 |
| ● |
| 相关链接 |
|
|
|
|
正题名:作物节水抗旱栽培实用技术
索取号:S318/91
 
预约/预借
| 序号 | 登录号 | 条形码 | 馆藏地/架位号 | 状态 | 备注 |
| 1 | 1379321 | 213793215 | 第二样本阅览室/ [索取号:S318/91] | 在馆 | |
| 2 | 1379322 | 213793224 | 第三借阅区/ [索取号:S318/91] | 在馆 | |
| 3 | 1379323 | 213793233 | 第三借阅区/ [索取号:S318/91] | 在馆 | |
| 4 | 1379324 | 213793242 | 第三借阅区/ [索取号:S318/91] | 在馆 |